000 00254nam a2200109Ia 4500
008 190216s9999||||xx |||||||||||||| ||und||
100 _aSimon W
245 0 _aFrench Liberalisam 1789-1848
260 _bJohn Wiley & Sons
650 _aHistory
942 _cBK
999 _c20037
_d20037